|
|
|
|
| LEADER |
00000cam a2200000 i 4500 |
| 001 |
1/66497 |
| 008 |
041123s2004 gw | ||| |||| ||eng|| |
| 020 |
|
|
|a 3540203524
|
| 035 |
|
|
|l 10075409
|
| 040 |
|
|
|a GR-MyUa
|b gre
|e AACR2
|
| 041 |
0 |
|
|a eng
|
| 082 |
7 |
|
|a 510.92
|2 (21)
|
| 100 |
1 |
|
|a Γεωργιάδου, Μαρία.
|
| 245 |
1 |
0 |
|a Constantin Caratheodory :
|b mathematics and politics in turbulent times /
|c Maria Georgiadou.
|
| 260 |
|
|
|a Berlin ;
|a New York :
|b Springer,
|c c2004.
|
| 300 |
|
|
|a xxviii, 651 σ. :
|b εικ. ;
|c 25 εκ.
|
| 504 |
|
|
|a Περιέχει βιβλιογραφικές αναφορές και ευρετήρια.
|
| 600 |
1 |
0 |
|a Carathéodory, Constantin,
|d 1873-1950.
|
| 650 |
|
0 |
|a Mathematics
|z Greece
|x Biography.
|
| 767 |
0 |
8 |
|i Μεταφρασμένο ως:
|t Κωνσταντίνος Καραθεοδωρή :
|
| 852 |
|
|
|a INST
|b SAMOS
|e 20041123
|h 510.92 ΓΕΩ
|p 005300022663
|q 005300022663
|t BK
|y 0
|
| 901 |
|
|
|a BIBL3-2004-3
|
| 922 |
|
|
|a 3ΕΛΗ
|b 200409
|c ΕΠΕΑΕΚ2/ΤΜΗΜΑ ΜΑΘΗΜΑΤΙΚΩΝ
|d ΜΙΧΑΛΟΠΟΥΛΟΣ
|
| 950 |
|
|
|a 116-2004-09-30
|
| 970 |
|
|
|a ΚΟΣΙΕΡΗΣ
|b ΧΡΗΣΤΟΣ
|z 2004/12/03
|